India and the United States ; political and economic relations.

Bibliographic Details
Main Author: Rosinger, Lawrence K. (Lawrence Kaelter), 1915-
Format: Book
Language:English
Published: New York : Macmillan, 1950.
Subjects:

MARC

Tag First Indicator Second Indicator Subfields
LEADER 00000cam a2200000 4500
001 in00000062711
005 20151008050624.0
008 750715s1950 nyu b 00000 eng u
010 |a  50008341  
035 |a (OCoLC)01449910 
035 |9 AAG2197AM 
040 |c JPL  |d TXA  |d UtOrBLW 
049 |a TXAM  |c [198101] 
050 0 0 |a E183.8.I4  |b R6 
082 0 |a 327.730954 
092 |a 327.730954  |b R821i 
100 1 |a Rosinger, Lawrence K.  |q (Lawrence Kaelter),  |d 1915- 
245 1 0 |a India and the United States ;  |b political and economic relations. 
264 1 |a New York :  |b Macmillan,  |c 1950. 
300 |a 149 pages :  |b map. ;  |c 21 cm. 
336 |a text  |b txt  |2 rdacontent 
337 |a unmediated  |b n  |2 rdamedia 
338 |a volume  |b nc  |2 rdacarrier 
500 |a "Published under the auspices of the American Institute of Pacific Realations." 
504 |a Bibliographical footnotes. 
651 0 |a India  |x Foreign relations  |z United States. 
651 0 |a United States  |x Foreign relations  |z India. 
999 |a MARS 
999 f f |s db445471-733b-315b-8fbb-6ba52d897790  |i c6f816bd-9a66-36aa-b597-7c6bc623dd10  |t 0 
952 f f |p ric  |a Texas A&M University  |b Rellis Campus  |c Joint Library Facility  |d Remote Storage  |t 0  |e E183.8.I4 R6  |h Library of Congress classification  |i unmediated -- volume  |m A14800680726 
998 f f |a E183.8.I4 R6  |t 0  |l Remote Storage